000 00434nam a2200181Ia 4500
001 4652
005 20260306145811.0
008 260306t2007||||xx |||||||||||||| ||spa||
041 _aESP
082 _a330
_bB45 2007
100 _aBernanke, Ben S.
_eAUT
245 0 _aPrincipios de economía texto impreso
260 _c2007
300 _a946 páginas, I-31 :
_ccm.
650 _aGEN
654 _aCAN
942 _cLIB
_dJUS
_fJUS
_2ddc
_n
999 _c4652
_d4652